The Madhya Pradesh panchayats act, 1962 as amended by the Madhya Pradesh pachayats amendment act, 1962 (no. 18 of 1962) (Record no. 488570)

000 -LEADER
fixed length control field 00386cam a22001097a 4500
008 - FIXED-LENGTH DATA ELEMENTS--GENERAL INFORMATION
fixed length control field 180718b1962 xxu||||| |||| 00| 0 eng d
082 ## - DEWEY DECIMAL CLASSIFICATION NUMBER
Classification number B71103x5422 A
100 ## - MAIN ENTRY--PERSONAL NAME
Personal name Madhya Pradesh. Law Department
245 ## - TITLE STATEMENT
Title The Madhya Pradesh panchayats act, 1962 as amended by the Madhya Pradesh pachayats amendment act, 1962 (no. 18 of 1962)
260 ## - PUBLICATION, DISTRIBUTION, ETC.
Place of publication, distribution, etc. Bhopal
Name of publisher, distributor, etc. The author
Date of publication, distribution, etc. 1962
300 ## - PHYSICAL DESCRIPTION
Extent 159+p.
Holdings
Withdrawn status Lost status Damaged status Not for loan Permanent Location Current Location Date acquired Full call number Barcode Date last seen Price effective from Koha item type
        Indian Institute of Public Administration Indian Institute of Public Administration 2018-08-04 B71103x5422 A GG3230 2018-08-04 2018-08-04 GG

Powered by Koha